Welcome to the Holygrace Academy Library

Please use search bar below to get started

EE KATHAYILUMUNDORU MAGIC (Record no. 5129)

MARC details
000 -LEADER
fixed length control field 00363nam a22001457a 4500
020 ## - INTERNATIONAL STANDARD BOOK NUMBER
ISBN 978-81-264-4197-6
082 ## - DEWEY DECIMAL CLASSIFICATION NUMBER
Classification number 150
Item number MUT/E
100 ## - MAIN ENTRY--AUTHOR NAME
Personal name MUTHUKAD, GOPINATH
245 ## - TITLE STATEMENT
Title EE KATHAYILUMUNDORU MAGIC
Remainder of title JEEVITHA VIJAYATHINU KATHAKALUM ANUBHAVANGALUM
260 ## - PUBLICATION, DISTRIBUTION, ETC. (IMPRINT)
Place of publication KOTTAYAM
Name of publisher DC BOOKS
Year of publication 2018
300 ## - PHYSICAL DESCRIPTION
Number of Pages 215
520 ## - SUMMARY, ETC.
Summary, etc NOVEL
650 ## - SUBJECT ADDED ENTRY--TOPICAL TERM
Topical Term NOVEL
942 ## - ADDED ENTRY ELEMENTS (KOHA)
Koha item type Books
Holdings
Withdrawn status Lost status Collection code Home library Current library Shelving location Date acquired Source of acquisition Cost, normal purchase price Full call number Accession Number Koha item type
    Fiction Main Library Main Library SHELF-16- K- MALAYALAM NOVELS,TRAVALOGUES 28/10/2019 Purchase 210.00 150 MUT/E 11783 Books